Anomalias en el deporte (Record no. 62481)

MARC details
000 -CABECERA
campo de control de longitud fija 00493nam a2200181 a 4500
005 - FECHA Y HORA DE LA ÚLTIMA TRANSACCIÓN
campo de control 20210219152851.0
008 - ELEMENTOS DE LONGITUD FIJA--INFORMACIÓN GENERAL
campo de control de longitud fija 991125n 000 0 spa u
035 ## - NÚMERO DE CONTROL DEL SISTEMA
Número de control de sistema UPN01000064208
100 ## - ASIENTO PRINCIPAL--NOMBRE PERSONAL
Nombre de persona VELEDA VALLELADO, Manuel J
222 ## - TÍTULO CLAVE
Título clave ESCUELA ESPAÑOLA :
Información calificativa REVISTA PROFESIONAL DE EDUCACION
245 ## - MENCIÓN DE TÍTULO
Título Anomalias en el deporte
300 ## - DESCRIPCIÓN FÍSICA
Extensión 26
362 ## - FECHAS DE PUBLICACIÓN Y/O DESIGNACIÓN SECUENCIAL
Fecha de publicación y/o designación secuencial 1989 Año 51, no. 2980, nov. 23
653 0# - TERMINO DE INDIZACION - NO CONTROLADO
Término no controlado DEPORTE
653 0# - TERMINO DE INDIZACION - NO CONTROLADO
Término no controlado SALUD FISICA
904 ## - ELEMENTOS DE DATOS D LOCAL, LDD (RLIN)
a AC
b 002019
905 ## - TIPO DE MATERIAL
Tipo de material Articulo

No items available.